[Event "Russian Cup Final Women 2020"]
[Site "Khanty-Mansiysk"]
[Date "2020.12.18"]
[Round "1.1"]
[White "Afonasieva, Anna"]
[Black "Bivol, Alina"]
[Result "0-1"]
[WhiteElo "2316"]
[BlackElo "2373"]
[Annotator "TA"]
[PlyCount "84"]
[EventDate "2020.12.18"]
[EventType "k.o."]
[EventCountry "RUS"]
[SourceTitle "playchess.com"]
[Source "ChessBase"]
[SourceQuality "1"]

{[%evp 21,84,8,20,6,13,0,-6,-27,-10,-19,-19,-25,0,-44,-27,-40,20,7,5,-41,-21,-46,0,0,5,0,10,10,7,7,9,11,10,5,8,7,12,0,0,0,0,0,0,0,0,-56,-74,-245,-247,-387,-380,-913,-246,-569,-566,-1135,-1135,-29991,-29992,-29995,-29995,-29995,-29996,-29996,-29997]} 1. d4 Nf6 2. Bf4 g6 3. e3 Bg7 4. Nf3 O-O 5. h3 c5 6. c3 d6 7. Be2 b6 8. O-O Nbd7 9. Bh2 Bb7 10. a4 a6 11. Nbd2 Ra7 12. Rc1 {A48: 1 d4 Nf6 2 Nf3 g6: Torre, London and Colle Systems.} Qa8 {[#]} 13. b4 $146 ({Predecessor:} 13. Qb3 Bc6 14. Qa3 b5 15. a5 Qb7 16. b4 c4 17. Ne1 e5 18. Bf3 Re8 19. Qb2 {0-1 (54) Eret,J (2236)-Soumya,S (2370) Pardubice 2016}) 13... Ne4 14. Nc4 {The position is equal.} Bd5 15. bxc5 bxc5 16. a5 Rb8 17. Ne1 Rc7 (17... Bh6 {feels hotter.} 18. Nf3 Rc7 19. Bd3 f5 20. Bf4 Bg7) 18. f3 $1 {[%cal Rf3e4]} Bxc4 (18... Nef6 $15) 19. Bxc4 $11 Nef6 20. Nd3 Rbc8 {And now ...cxd4 would win.} 21. Ba2 Qa7 (21... Bh6 $15 22. Qe2 cxd4 23. cxd4 Nd5 24. Rxc7 Rxc7) 22. Qe2 Bh6 23. Bg3 (23. h4 {with more complications.} cxd4 24. cxd4 Rxc1 25. Rxc1 Rxc1+ 26. Nxc1 Qc7 27. Qd2) 23... cxd4 24. cxd4 Rxc1 25. Rxc1 ({Much weaker is} 25. Nxc1 Qc7 $15) 25... Rxc1+ 26. Nxc1 Qc7 27. Qd2 Qc6 28. Bf2 Nd5 29. Nd3 N7f6 30. Nb2 Qb7 31. Nd1 Qb5 32. Be1 Qa4 33. Bb1 {[#]} ({Better is} 33. f4 $11) 33... Nxe3 $1 $15 {[%mdl 512]} 34. Nc3 $2 {White does not recover from this.} (34. Nxe3 $17 Nd5 {[%mdl 64] Pin} 35. Bf2 Bxe3 36. Bxe3) 34... Qxa5 $19 35. Qd3 (35. g3 {was worth a try.}) 35... Nfd5 {White must now prevent ...Nf4.} 36. Bd2 $2 (36. g3) 36... Nxc3 $2 (36... Nf4 37. Ne2 {[#]} Nxh3+ $1 {[%mdl 512]} 38. Kh2 Nf1+ {[%mdl 64] Double Attack} 39. Kh1 Qh5 40. Bxh6 Nf4+ 41. Kg1 Nxd3 42. Bxd3 Qxh6 43. Kxf1 a5) 37. Bxc3 $2 {[#]} (37. Qxc3 {nothing else works.} Qxc3 38. Bxc3) 37... Qg5 $1 {[%csl Ge3][%cal Rg5g2]} 38. Qd2 {[#]} Qg3 $1 {( -> ...Bf4)} 39. Qb2 Bf4 {Black mates.} 40. Qb8+ Kg7 {[%csl Ge3][%cal Rg3g2]} 41. d5+ {[#]} Kh6 $1 {[%csl Ge3][%cal Rg3g2]} 42. Qf8+ {[#]} Kh5 $1 {Weighted Error Value: White=0.73/Black=0.29} 0-1

[Event "Russian Cup Final Women 2020"]
[Site "Khanty-Mansiysk"]
[Date "2020.12.18"]
[Round "1.2"]
[White "Bodnaruk, Anastasia"]
[Black "Goltseva, Ekaterina"]
[Result "1-0"]
[WhiteElo "2414"]
[BlackElo "2306"]
[Annotator "TA"]
[PlyCount "79"]
[EventDate "2020.12.18"]
[EventType "k.o."]
[EventCountry "RUS"]
[SourceTitle "playchess.com"]
[Source "ChessBase"]
[SourceQuality "1"]

{[%evp 11,79,10,12,0,-4,0,0,0,0,-10,0,0,0,-24,-10,-11,-12,-27,24,-20,0,0,15,15,21,24,14,16,48,14,16,25,114,92,100,97,107,82,228,225,264,270,270,264,264,264,256,258,367,395,392,364,391,362,467,416,556,553,545,539,495,216,1050,1029,1604,1454,1369,1303,29990,29991]} 1. e4 e6 2. d4 d5 3. Nc3 Bb4 4. e5 Qd7 5. Bd2 b6 6. Nf3 Ne7 7. a3 {C16: French: 3 Nc3 Bb4 4 e5: Lines without ...c5.} Bxc3 8. Bxc3 c5 {[#]} 9. dxc5 $146 {The position is equal.} ({Predecessor:} 9. Bd3 Ba6 10. O-O Bxd3 11. Qxd3 Nbc6 12. Rfe1 Rc8 13. Rac1 cxd4 14. Bxd4 Nf5 15. b3 {0-1 (59) Gudbjornsson,A (1742)-Bergmann,H (2080) Reykjavik 2015}) 9... bxc5 10. b4 Ba6 11. Bxa6 Nxa6 12. Qe2 Qb7 {[%cal Rc5b4]} 13. O-O O-O {[%cal Rc5b4]} 14. Rfb1 Rfb8 (14... Rfc8 $142) 15. Rb2 Qc8 16. Bd2 Rb6 17. b5 Nb8 18. c4 Nd7 19. a4 h6 20. Rc1 (20. a5 $5 {[%cal Ra5b6]} Rb7 21. cxd5 $11) 20... Rb7 21. cxd5 exd5 (21... Nxd5 $11 22. a5 Qd8) 22. e6 $16 Nf6 23. exf7+ Kxf7 24. Bb4 $36 {[%mdl 2048] Keeping Black busy.} Rc7 {A mistake that costs the game.} (24... c4 $16 {is a better defense.}) 25. Rbc2 $18 Ne4 26. Ne5+ Kg8 27. Ba5 Rb7 28. f3 Qe6 29. Nc6 ({Don't do} 29. fxe4 $6 Qxe5 30. exd5 (30. Rxc5 Qd4+ 31. Kh1 Qxa4 $11) 30... Qxe2 $16) 29... Ng5 (29... Nxc6 $142 30. bxc6 Qxc6 31. fxe4 Qxa4 32. Rxc5 Qd4+ 33. Kh1 Qxe4 34. Qxe4 dxe4) 30. h4 Nxc6 31. bxc6 Re7 32. Qf2 (32. hxg5 Qxe2 33. Rxe2 Rxe2 $14) 32... Nf7 {[%cal Bg5f7,Bf7e5,Be5d3][%mdl 32]} 33. Qxc5 Ne5 {and the idea ...Nd3 leaves Black hopeful.} 34. c7 Rc8 35. Rd1 Rd7 36. Re1 (36. Qb5 $142) 36... Qf5 $2 (36... Rcxc7 37. Bxc7 (37. Qxc7 Rxc7 38. Rxc7 Qf6 $15) 37... Nxf3+ 38. gxf3 Qxe1+ 39. Kg2 Qxh4) 37. Rce2 Nd3 38. Re8+ {[%mdl 64] [#] Double Attack} Kh7 39. Qc2 Qg6 40. Rxc8 {Weighted Error Value: White=0.16/Black=0.53} 1-0

[Event "Russian Cup Final Women 2020"]
[Site "Khanty-Mansiysk"]
[Date "2020.12.19"]
[Round "1.2"]
[White "Bivol, Alina"]
[Black "Afonasieva, Anna"]
[Result "1/2-1/2"]
[WhiteElo "2373"]
[BlackElo "2316"]
[Annotator "TA"]
[PlyCount "166"]
[EventDate "2020.12.18"]
[EventType "k.o."]
[EventCountry "RUS"]
[SourceTitle "playchess.com"]
[Source "ChessBase"]
[SourceQuality "1"]

{[%evp 9,166,12,13,12,14,0,6,3,20,0,0,0,0,-10,0,-23,0,-6,-7,-31,46,37,52,55,25,45,55,0,13,0,0,-10,0,0,0,0,0,0,0,0,0,0,60,16,53,49,52,52,51,46,44,20,34,0,0,0,15,0,0,0,0,0,2,0,0,-55,-54,-158,-166,-184,-42,-384,-199,-169,-168,-160,-144,-141,-142,-212,-215,-202,-205,-191,-190,-227,-110,-122,-64,-141,-14,-12,-18,-62,-65,-74,-60,-53,0,-73,0,0,0,0,0,0,0,0,0,-70,-70,-71,0,0,0,0,270,239,29982,29983,29982,0,0,0,0,0,0,0,0,0,0,0,0,0,0,0,0,0,0,0,0,0,0,0,0,0,0,0,0,0,0,0,0,0,0,0,0,0,0]} 1. e4 c6 2. d4 d5 3. e5 Bf5 4. Be3 Qb6 5. Qc1 e6 6. c4 {B12: Caro-Kann: Advance Variation.} dxc4 7. Nd2 Qa5 8. Bxc4 Nd7 9. a3 {[#]} (9. Ngf3 {seems wilder.} h6 10. O-O Qd8 11. Bb3 Ne7 12. Bc2) 9... Ne7 $146 ({Predecessor:} 9... Qd8 10. Ne2 Nb6 11. Ba2 Ne7 12. Ng3 Bg6 13. O-O Nf5 14. Nb3 Nd5 15. Nxf5 Bxf5 {½-½ (71) Savostin,A (2012)-Kasimov,R (2137) Togliatti 2007}) 10. b4 Qd8 11. Nb3 Nd5 12. Bd2 f6 13. exf6 Qxf6 14. Ne2 b5 (14... Bd6 $15) 15. Bxd5 $14 exd5 16. Bg5 Qg6 17. O-O Bd6 18. Bf4 (18. Nf4 {feels hotter.} Bxf4 19. Re1+ Be4 20. Qxf4 h6 21. f3) 18... O-O 19. Bxd6 Qxd6 20. Qc3 Nb6 21. Ng3 Bg6 22. Nc5 Nc4 23. a4 bxa4 24. Rxa4 h5 25. Re1 Rf6 (25... Rae8 $11) 26. Nge4 dxe4 27. Qxc4+ Qd5 28. Qxd5+ cxd5 29. Rea1 $1 Rb6 30. h3 Bf5 31. Kh2 h4 32. R1a2 Rb5 33. Kg1 Rf8 34. Na6 Rf7 35. Ra5 Bd7 36. R2a3 Be8 37. Kf1 (37. Rc3 $11 Rxa5 38. bxa5) 37... Rb6 $15 38. Ke1 (38. Kg1 $15) 38... Bb5 $1 $17 {[%cal Rb5c4]} 39. Nc5 {[#]} Bc4 (39... a6 $1 $19 {[%mdl 512]} 40. f3 (40. Nxa6 Bc4) 40... Bc4) 40. R5a4 $2 {[%mdl 8192] [#]} (40. Rxa7 $15 Rxb4 41. Rxf7 Kxf7 42. Ra7+ Kg6 43. Rb7 Rxb7 44. Nxb7) 40... a6 (40... a5 $142 $1 {[%mdl 512]} 41. Re3 (41. Rxa5 Rxb4) 41... axb4) 41. f3 $19 exf3 42. Rxf3 Re7+ 43. Kf2 Rg6 {And now ...Re2+ would win.} 44. Re3 (44. Nd3 $17) 44... Rxe3 $1 {[%mdl 64] Overworked Piece} 45. Kxe3 Rxg2 46. Nxa6 {[%mdl 4096] Endgame KRB-KRN} Rg3+ 47. Kf4 Rxh3 (47... g5+ $1 $19 {is more deadly.} 48. Kf5 g4) 48. Nc7 $17 Rb3 ({Black should play} 48... Rd3 $17 49. Ra8+ Kf7) 49. Ne6 (49. Ra7 $1 $15) 49... h3 (49... Kf7 $17 50. Nc5 Rg3) 50. Ng5 $11 {[%cal Ra4a8]} Kf8 51. Ra1 Bb5 $1 52. Ke5 $1 Rg3 (52... Rxb4 53. Nxh3 Ra4 54. Rb1 $11 (54. Rxa4 Bxa4 55. Nf4 Bb3 $11)) 53. Kf4 $1 {[%cal Rf4g3]} Rb3 54. Ke5 $1 h2 (54... Rxb4 55. Ra8+ Ke7 56. Nxh3 $11) (54... Ke7 $17 {Strongly threatening ...Bd7.} 55. Rh1 Bd7 56. Kxd5 Rg3 57. Re1+ Kd8 58. Nf7+ Kc7 59. Rc1+ Kb8) 55. Rh1 Rg3 56. Kf4 Rg2 {Threatens to win with ...Be2.} 57. Nf3 {[#]} g5+ $1 {[%mdl 512]} 58. Nxg5 Be2 {...Ke8 is the strong threat.} 59. b5 ({White should try} 59. Ke3 $1 $11) 59... Ke7 $1 $15 60. b6 {Black must now prevent b7.} Kd8 (60... Kd7 $1 $17 61. Ke3 Rxg5 62. Kxe2 Rh5) 61. Ne6+ $11 {Cut Off at move 61} Kc8 62. Nc5 {Hoping for Ra1.} Bd1 $2 {[%mdl 8192]} (62... Kb8 $11) 63. Re1 $1 $18 {[%cal Re1e8]} ({Not} 63. Rxd1 $2 Rg1 $19) ({Stronger than} 63. b7+ Kc7 $11) 63... Rg4+ $2 (63... Ba4 $18) 64. Kf5 {[%cal Re1e8]} Rg8 {[#]} 65. Rh1 $2 ({Weaker is} 65. b7+ Kb8 $11) (65. Re7 $1 {mates} Bg4+ 66. Kf6 Kd8 67. Rh7 Rf8+ {[#]} 68. Kg5 $1 {[%mdl 512]} Rg8+ 69. Kf4 h1=R 70. Rxh1) 65... Rh8 {The position is equal.} 66. Rxd1 h1=Q 67. Rxh1 Rxh1 $11 {KR-KN} 68. Ke5 Rh5+ 69. Kd6 Rh6+ 70. Ne6 Kb7 71. Kxd5 Kxb6 (71... Kc8 {looks sharper.} 72. b7+ Kxb7 73. Kd6 Kc8 74. Ke7 Rh7+) 72. Kd6 Rh1 73. d5 Rd1 74. Nf4 Kb7 75. Ng6 Kc8 76. Ne5 Rh1 77. Kc6 Re1 78. Kd6 Re2 79. Nc6 Rh2 80. Nd4 Rh4 81. Ne6 Ra4 82. Nc5 Rh4 83. Kc6 Rd4 {What a bad dream for Black.  Weighted Error Value: White=0.24/Black=0.22} 1/2-1/2

[Event "Russian Cup Final Women 2020"]
[Site "Khanty-Mansiysk"]
[Date "2020.12.19"]
[Round "1.2"]
[White "Voit, Daria"]
[Black "Zherebtsova, Alexandra"]
[Result "1/2-1/2"]
[WhiteElo "2353"]
[BlackElo "2204"]
[Annotator "TA"]
[PlyCount "93"]
[EventDate "2020.12.18"]
[EventType "k.o."]
[EventCountry "RUS"]
[SourceTitle "playchess.com"]
[Source "ChessBase"]
[SourceQuality "1"]

{[%evp 9,93,-14,-13,-34,-32,-33,-27,-36,-20,-22,-18,-25,-3,-2,-16,-22,-14,-16,-15,-15,-12,-12,-10,-20,-4,-15,0,0,6,-6,0,0,0,-23,-25,-41,10,0,0,0,-7,-106,-107,-143,-144,-144,-159,-164,-177,-179,-164,-168,-177,-161,-152,-173,-167,-172,-152,-176,-181,-192,-153,-185,-177,-200,-200,-333,-200,-206,-198,-207,-158,-157,-116,-139,-85,-86,-88,-94,-78,-74,0,-70,0,0]} 1. d4 Nf6 2. Bg5 d5 3. Nd2 g6 4. Bxf6 exf6 5. g3 c6 6. Bg2 {D00: 1 d4 d5: Unusual lines.} Qb6 7. Nb3 a5 8. a4 $1 {Black has an edge.} Bb4+ 9. c3 Bd6 {[#]} 10. Nf3 $146 ({Predecessor:} 10. Bh3 Bxh3 11. Nxh3 h5 12. Qc2 Nd7 13. Nf4 h4 14. O-O-O f5 15. Nd3 Nf6 16. Kb1 {1-0 (62) Kovacevic,V (2268)-Cornette,M (2491) Geneve 2008}) 10... Be6 11. O-O O-O 12. Nfd2 f5 13. e3 Nd7 {[%cal Bb8d7,Bd7f6,Bf6d5][%mdl 32]} 14. Qc2 Nf6 15. c4 Qd8 16. cxd5 Nxd5 17. Nc4 Bc7 18. Nc5 Bc8 19. Nd3 Kg7 20. Qb3 h5 21. Nce5 f6 22. Nf3 Rh8 (22... Rb8 $15) 23. Nd2 h4 24. Bxd5 cxd5 25. f4 (25. Rac1 $11) 25... b6 $17 26. Nf3 hxg3 27. hxg3 Ba6 28. Rfc1 Qe7 29. Kf2 Rae8 30. Nde1 Bc4 31. Qc3 {[#] Hoping for b3.} Bd6 {White must now prevent ...Bb4.} 32. Ng2 Bb4 $36 {[%mdl 2048] Black is in control.} 33. Qc2 Rc8 ({Stronger than} 33... Rh3 34. b3 $11) 34. b3 Ba6 35. Qd1 Ba3 36. Rxc8 Rxc8 37. Nfe1 Rc3 38. Ra2 (38. Kg1 $142) 38... Bd6 39. Qb1 Qe4 40. Rc2 Bd3 41. Nxd3 Qxd3 42. Rb2 {[#]} Qxb1 (42... Qe4 $142 $1 43. Qxe4 fxe4) 43. Rxb1 Rc2+ 44. Kf1 Kf7 45. Ne1 Rh2 (45... Ra2 $17) 46. Rc1 ({Better is} 46. Nf3 $1 $11 Rc2 47. Ne1) 46... Bb4 (46... Rb2 $1 $15) 47. Rc7+ {Weighted Error Value: White=0.16/Black=0.15} 1/2-1/2

[Event "Russian Cup Final Women 2020"]
[Site "Khanty-Mansiysk"]
[Date "2020.12.19"]
[Round "1.2"]
[White "Guseva, Marina"]
[Black "Kovanova, Baira"]
[Result "0-1"]
[WhiteElo "2352"]
[BlackElo "2323"]
[Annotator "TA"]
[PlyCount "106"]
[EventDate "2020.12.18"]
[EventType "k.o."]
[EventCountry "RUS"]
[SourceTitle "playchess.com"]
[Source "ChessBase"]
[SourceQuality "1"]

{[%evp 21,106,63,69,68,91,54,64,44,42,28,112,122,104,97,117,104,102,124,102,108,82,0,0,0,0,0,0,0,-14,-7,21,-107,-32,-35,2,0,0,0,0,0,0,-50,-12,-116,-118,-95,-54,-318,-322,-596,-591,-587,-596,-581,-585,-614,-604,-657,-651,-902,-864,-1547,-1360,-4902,-4802,-5706,-285,-1637,-1610,-29978,-29980,-29973,-1328,-1094,-605,-29965,-29966,-29965,-29967,-29962,-29962,-29966,-29968,-5720,-5069,-4706,-1086]} 1. d4 Nf6 2. c4 c5 3. d5 b5 4. cxb5 a6 5. bxa6 g6 6. Nc3 Bxa6 7. e4 Bxf1 8. Kxf1 d6 9. g3 Bg7 10. Kg2 O-O 11. Nf3 Qb6 12. Re1 {A59: Benko/Volga Gambit: White castles by hand.} Na6 13. Re2 Nd7 14. Bf4 {White is slightly better.} Rfb8 15. Rc1 {[#]} Nb4 $146 (15... c4 $11 {keeps the balance.}) ({Predecessor:} 15... Nc7 16. e5 dxe5 17. Nxe5 Nxe5 18. Bxe5 Bxe5 19. Rxe5 Qd6 20. Re2 Rd8 21. a3 Ra5 {1-0 (36) Van Beers,E (2175)-Soetewey,S Antwerp 1993}) 16. a3 $16 Na6 {[%cal Bb4a6,Ba6c7,Bc7b5,Bb5d4][%mdl 32]} 17. e5 Nc7 18. Rcc2 Rd8 {[#]} 19. exd6 $1 exd6 20. Ne4 Nb5 21. Ned2 (21. Qd3 $16) 21... Qb7 $11 22. Nc4 Nd4 23. Nxd4 Qxd5+ {[%mdl 64] Pin} 24. f3 {Ne3 is the strong threat.} cxd4 25. Red2 ({But not} 25. Nxd6 $2 g5 $19) ({Much worse is} 25. Bxd6 d3 $17) 25... Qe6 26. g4 (26. Nxd6 $11 g5 27. Nb5 (27. Re2 $2 Qd5 $19) 27... gxf4 28. Nxd4 Bxd4 29. Rxd4) 26... Ra6 (26... d5 $17 27. Nd6 Be5 28. Bxe5 Nxe5) 27. b4 $15 Rc8 28. Na5 Rc3 29. Re2 Ne5 30. Rxc3 dxc3 31. Qc2 Qc8 (31... h5 $5 {[%cal Rh5g4]} 32. gxh5 gxh5 $17) 32. Bd2 (32. Qe4 $11) 32... Nxg4 33. Be1 Nh6 {And now ...d5 would win.} 34. Qd3 $2 {[%mdl 8192] [#] Loses the game.} ({Only move:} 34. Qe4 $15 Ra8 35. Nc4) 34... d5 $1 $19 {[%mdl 512]} 35. Rc2 $2 (35. Qxd5 c2 36. Nb3) 35... d4 36. Bf2 Nf5 37. a4 Ra8 38. Re2 Qd8 39. Nc6 Qg5+ 40. Kh1 {If White can now play a5 this consolidates a bit.} Rxa4 41. Re8+ Bf8 {Hoping for ...c2!} 42. Nxd4 Ra1+ 43. Be1 Nd6 $2 (43... Qd2 44. Qf1 Nxd4) 44. Rxf8+ $2 (44. Nb3 Nxe8 {[%mdl 64] Discovered Attack} 45. Nxa1) 44... Kxf8 45. Ne6+ fxe6 46. Qxd6+ {[%mdl 4096] Endgame KQR-KQB} Qe7 (46... Kg7 $142 47. Qc7+ Kh6 48. Qxc3 Rc1 49. b5 Rxc3 50. Bxc3 Qc1+ {[%mdl 64] Double Attack} 51. Kg2 Qxc3 52. h4 Qb2+ 53. Kg3 Qxb5 54. Kf2 Qd3 55. Kg2 Qe2+ 56. Kg3 g5 57. f4 g4 58. h5 Qf3+ 59. Kh2 Qf2+ 60. Kh1 g3 61. f5 Qh2#) 47. Qe5 Rd1 {White must now prevent ...c2.} 48. Kg2 {[#]} Rxe1 $1 49. Qh8+ (49. Qxe1 Qg5+) 49... Kf7 50. Qxh7+ {[#]} Ke8 $1 51. Qh8+ Qf8 52. Qxc3 Rd1 53. Qc2 Rd5 {Weighted Error Value: White=1.24/Black=0.61} 0-1

[Event "Russian Cup Final Women 2020"]
[Site "Khanty-Mansiysk"]
[Date "2020.12.19"]
[Round "1.2"]
[White "Goltseva, Ekaterina"]
[Black "Bodnaruk, Anastasia"]
[Result "0-1"]
[WhiteElo "2306"]
[BlackElo "2414"]
[Annotator "TA"]
[PlyCount "66"]
[EventDate "2020.12.18"]
[EventType "k.o."]
[EventCountry "RUS"]
[SourceTitle "playchess.com"]
[Source "ChessBase"]
[SourceQuality "1"]

{[%evp 16,66,13,0,0,4,29,35,31,0,12,5,12,7,45,15,25,10,102,35,49,26,46,43,77,26,52,45,48,52,46,19,27,0,8,7,110,83,78,-120,8,-10,-11,-8,-28,-188,-175,-728,-727,-29996,-29997,-29998,-29999]} 1. d4 Nf6 2. c4 g6 3. Nc3 Bg7 4. e4 d6 5. Be2 O-O 6. Bg5 Na6 7. Nf3 h6 8. Bh4 e5 9. O-O g5 {Hoping for ...exd4. E94: King's Indian: Classical: 6 Be2 e5 7 0-0: Various Black 7th moves.} 10. dxe5 gxh4 11. exf6 Qxf6 {White is slightly better.} 12. h3 {[#]} Nc5 $146 ({Predecessor:} 12... Be6 13. Qc2 Rae8 14. Rad1 Nc5 15. Rfe1 Bd7 16. e5 dxe5 17. Nd5 Qd8 18. b4 Ne6 {½-½ (44) Kinnunen,K (2216)-Kauppila,O (2286) Finland 2005}) 13. Re1 c6 14. Rc1 {[%cal Ba1c1,Bc1c2,Bc2d2][%mdl 32]} Rd8 15. Rc2 Ne6 16. Rd2 Nf4 {[#]} (16... Qe7 $1 $11 {keeps the balance.}) 17. Bf1 (17. e5 $1 $16 {[%cal Re5f6][%mdl 512]} Qg6 (17... dxe5 18. Rxd8+) 18. Bf1) 17... Be6 $14 18. Kh1 Kh8 19. Re3 Rg8 20. Ne2 (20. Rxd6 $16 {Threatens to win with e5.} Bf8 21. e5) 20... Ng6 21. Ned4 Rad8 22. Nxe6 fxe6 23. e5 dxe5 24. Bd3 Nf4 {Black wants to play ...Bf8.} 25. Nxe5 Bf8 (25... Qf8 $11 {remains equal.} 26. Ng6+ Nxg6 27. Bxg6 Qxf2 28. Rxd8 Qxe3) 26. Ng4 Qg7 {Strongly threatening ...Bb4.} 27. Qf3 $2 (27. Re4 $16 {stays on course.} Nxd3 28. Rxd3 Rxd3 29. Qxd3) 27... Bd6 ({Better is} 27... Bb4 $17 28. Rd1 Rgf8) 28. Bc2 {Rxd6! is the strong threat.} Bc7 29. Rxd8 Rxd8 30. Re4 $2 {This costs White the game.} (30. Re1 $11 {and White stays safe.}) 30... Qxb2 $19 {[%mdl 64] ( -> ...Qc1+). Double Attack} 31. Bd1 $2 (31. Ne3) 31... Qd2 {White must now prevent ...Rd3.} 32. Ne3 Qe1+ 33. Kh2 Ne2+ {Accuracy: White = 44%, Black = 56%.} 0-1

[Event "Russian Cup Final Women 2020"]
[Site "Khanty-Mansiysk"]
[Date "2020.12.19"]
[Round "1.3"]
[White "Kovanova, Baira"]
[Black "Guseva, Marina"]
[Result "1-0"]
[WhiteElo "2323"]
[BlackElo "2352"]
[Annotator "TA"]
[PlyCount "89"]
[EventDate "2020.12.18"]
[EventType "k.o."]
[EventCountry "RUS"]
[SourceTitle "playchess.com"]
[Source "ChessBase"]
[SourceQuality "1"]

{[%evp 16,89,12,4,12,8,8,7,12,11,16,-22,-16,-38,-42,-42,-43,-83,-70,-92,-62,-85,-78,-77,-87,-91,-81,-165,-171,-357,-351,-340,-349,-336,-335,-343,-315,-380,-360,-1103,-404,-387,-318,-324,-316,-418,-333,-355,-242,-297,-180,-171,-106,-179,-167,-296,-281,-825,-301,-383,-287,-414,-275,-285,-55,-53,0,0,0,0,0,-26,889,913,29979,29979]} 1. Nf3 Nf6 2. c4 c6 3. e3 d5 4. b3 Bg4 5. Bb2 e6 6. Be2 Nbd7 7. d3 Bd6 8. Nbd2 O-O 9. O-O Re8 {A12: English Opening: 1...c6 with b3 by White.} 10. h3 Bxf3 11. Bxf3 Qe7 {[#] The position is equal.} 12. a3 $146 ({Predecessor:} 12. d4 Rad8 13. Re1 h6 14. e4 dxe4 15. Nxe4 Nxe4 16. Bxe4 Nf6 17. Bc2 Qc7 18. Qf3 {1-0 (40) Galvis,C (1978)-Latorre,F (1817) Bogota 2017}) 12... e5 13. e4 {[%cal Re4d5]} dxe4 14. dxe4 a5 15. Re1 Bc5 16. Nf1 {[%cal Bd2f1,Bf1g3,Bg3f5,Bf5h6][%mdl 32]} Nf8 {[%cal Bd7f8,Bf8e6,Be6f4][%mdl 32]} 17. Ng3 Qc7 18. Nf5 Ne6 19. Qc2 g6 20. Nh6+ Kg7 21. Qc1 (21. Ng4 $17 Nxg4 22. Bxg4) 21... Nf4 $19 22. g3 $2 {[#]} (22. Rd1 {was called for.}) 22... Bxf2+ $1 {[%mdl 512]} 23. Kh2 {[#]} (23. Kxf2 Nd3+) 23... Bxg3+ $1 {[%mdl 512]} 24. Kxg3 {Black should prevent Ng4.} Kxh6 25. Qe3 Kg7 26. Rf1 Rad8 {aiming for ...Rd3.} 27. Be2 $2 {[#]} (27. Rad1) 27... Kg8 (27... Rd2 $142 $1 {[%mdl 512]} 28. Rf2 (28. Qxd2 Nxe4+) 28... Rxb2) 28. Kh2 N6h5 29. Bxh5 Nxh5 30. Rf2 Re7 31. Rg1 Qd7 32. Qg5 {Strongly threatening Qxh5.} Ng7 33. Bxe5 Rde8 (33... Re6 $1 $19 34. Bf6 Qc7+ 35. Qg3 Qxg3+ 36. Rxg3 Rd7) 34. Bb2 (34. Rd2 $17 Qc8 35. Ba1 Qc7+ 36. Kh1) 34... Qd6+ 35. Kh1 (35. e5 $142 Qc7 36. Qf6) 35... Rxe4 36. Rf6 $2 {[#]} (36. Qh6 Qf8 37. Rf3) 36... Qf8 $2 (36... Qd3 $1 {[%cal Rd3h3]} 37. Qh6 Re3 38. Qxg7+ Kxg7 39. Rd6+ {[#]} Kg8 $1 {[%mdl 512]} 40. Rxd3 Rxd3) 37. Rgf1 Re1 {And now ...Qe7 would win.} 38. Qxa5 (38. Bc3 $142 Rxf1+ 39. Rxf1) 38... Rxf1+ 39. Rxf1 Qd6 $2 ({Black should play} 39... Re3 $19 40. Qg5 Rxh3+ 41. Kg2 Rxb3) 40. Qc3 $15 {[%csl Gb2][%cal Rc3g7]} Qf8 (40... f6 $1 $15 41. Rxf6 Qd1+ 42. Kg2 Re1) 41. Rd1 $11 f5 42. a4 Qe7 43. Rd2 {Black must now prevent Re2!} h5 $2 {[%mdl 8192] [#]} (43... Rf8 $11) 44. Re2 $1 $18 {[%mdl 512]} Ne6 {[#]} (44... Qxe2 45. Qxg7#) 45. Rxe6 $1 {[%mdl 576] Double Attack.  Weighted Error Value: White=0.63/Black=0.85} 1-0